000 00461nam a22001817a 4500
003 LK-CoDNM
005 20250115124935.0
008 250115b |||||||| |||| 00| 0 eng d
040 _aLK-CoDNM
_dLK-CoDNM
_eLK-CoDNM
041 _aeng
080 _a9
_bCC27
100 _aEdwin H., Colbert
245 _aThe Dinosaur book
260 _aLondon, New York & Toronto
_bMcGraw-Hill book co.
300 _b156p. : ill ; 26 cm
650 _aScience
942 _cBK
999 _c236324
_d236324